| 000 | 02335nam a2200361 a 4500 | ||
|---|---|---|---|
| 001 | ebr10671182 | ||
| 003 | CaPaEBR | ||
| 006 | m u | ||
| 007 | cr cn||||||||| | ||
| 008 | 090909s2010 nyua sb 001 0 eng d | ||
| 010 | _z 2009037482 | ||
| 020 | _z9781608762002 (hardcover : alk. paper) | ||
| 020 | _z9781614701255 (e-book) | ||
| 040 |
_aCaPaEBR _cCaPaEBR |
||
| 035 | _a(OCoLC)690177199 | ||
| 050 | 1 | 4 |
_aRC552.A5 _bA566 2010eb |
| 082 | 0 | 4 |
_a616.85/262 _222 |
| 245 | 0 | 0 |
_aAnorexia nervosa _h[electronic resource] : _ba multi-disciplinary approach : from biology to philosophy / _cAntonio Mancini, Silvia Daini and Louis Caruana, editors. |
| 260 |
_aHauppauge, N.Y. : _bNova Science Publishers, _cc2010. |
||
| 300 |
_ax, 253 p. : _bill. |
||
| 490 | 1 | _aEating disorders in the 21st century series | |
| 504 | _aIncludes bibliographical references and index. | ||
| 505 | 0 | _aEndocrine alterations in anorexia nervosa / A. Mancini ... [et al.] -- Anorexia nervosa and cytokines / A. Mancini ... [et al.] -- Amenorrhea in anorexia nervosa / E. Giacchi ... [et al.] -- Anorexia nervosa : medical complications / A. Bianchi ... [et al.] -- Nutrition in anorexia nervosa / P. Meniconi ... [et al.] -- Infantile anorexia / S. Daini, L. Petrongolo, L. Bernardini -- Anorexia and parents / S. Daini, C. Panetta -- Treating anorexia in state of emergency / S. Daini, L. Bernardini, L. Petrongolo -- The logotherapeutic approach : an anthoplogically-founded method / A. Mancini, R. Festa -- Anorexia nervosa : ethical issues / M.L. Di Pietro, A. Virdis, D. Moltisanti -- Somatic semantics : anorexia and the nature of meaning / L. Caruana -- Anorexia nervosa : a case of self-deception? / M. Sultana -- Nietzsche's ascetic ideal and the anorexic condition / T. Walsh. | |
| 533 |
_aElectronic reproduction. _bPalo Alto, Calif. : _cebrary, _d2013. _nAvailable via World Wide Web. _nAccess may be limited to ebrary affiliated libraries. |
||
| 650 | 0 | _aAnorexia nervosa. | |
| 655 | 7 |
_aElectronic books. _2local |
|
| 700 | 1 | _aMancini, Antonio. | |
| 700 | 1 | _aDaini, Silvia. | |
| 700 | 1 | _aCaruana, Louis. | |
| 710 | 2 | _aebrary, Inc. | |
| 830 | 0 | _aEating disorders in the 21st century series. | |
| 856 | 4 | 0 |
_uhttp://site.ebrary.com/lib/rucke/Doc?id=10671182 _zAn electronic book accessible through the World Wide Web; click to view |
| 999 |
_c62339 _d62339 |
||